Quantitative Aptitude (Record no. 370678)
[ view plain ]
| 000 -LEADER | |
|---|---|
| fixed length control field | 00590nam a22001817a 4500 |
| 005 - DATE AND TIME OF LATEST TRANSACTION | |
| control field | 20260310163159.0 |
| 008 - FIXED-LENGTH DATA ELEMENTS--GENERAL INFORMATION | |
| fixed length control field | 260310b |||||||| |||| 00| 0 eng d |
| 020 ## - INTERNATIONAL STANDARD BOOK NUMBER | |
| International Standard Book Number | 9789352534029 |
| 041 ## - LANGUAGE CODE | |
| Language code of text/sound track or separate title | Eng. |
| 082 ## - DEWEY DECIMAL CLASSIFICATION NUMBER | |
| Classification number | 720.7 |
| Item number | AGG. |
| 100 ## - MAIN ENTRY--PERSONAL NAME | |
| Author | Aggarwal R.S. |
| 245 ## - TITLE STATEMENT | |
| Title | Quantitative Aptitude |
| 260 ## - PUBLICATION, DISTRIBUTION, ETC. | |
| Place of publication, distribution, etc. | New Delhi |
| Name of publisher, distributor, etc. | S Chand And Company Limited |
| Date of publication, distribution, etc. | 2017 |
| 300 ## - PHYSICAL DESCRIPTION | |
| Extent | 952p |
| Other physical details | PB |
| Dimensions | 26.5 x 21 cm |
| 365 ## - TRADE PRICE | |
| Price type code | INR |
| Price amount | 1.00 |
| Currency code | Rupaye |
| 500 ## - GENERAL NOTE | |
| Keywords | 1) Number System <br/>2) H.C.F. and L.C.M. of Numbers<br/>3) Decimal Fractions <br/>4) Simplification<br/>5) Square Roots and Cube Roots |
| 942 ## - ADDED ENTRY ELEMENTS (KOHA) | |
| Koha item type | Donated Book |
| Withdrawn status | Lost status | Source of classification or shelving scheme | Damaged status | Not for loan | Home library | Current library | Date acquired | Vendor | Budget Code | Net Price | Bill number | Total Checkouts | Full call number | Barcode | Date last seen | Actual Price | Bill Date | Koha item type |
|---|---|---|---|---|---|---|---|---|---|---|---|---|---|---|---|---|---|---|
| Dewey Decimal Classification | Dr. Bhanuben Nanavati College of Architecture | Dr. Bhanuben Nanavati College of Architecture | 10/03/2026 | Donated Books | B.Arch. | 1.00 | 00 | 720.7 AGG. | BNCA-DB-2049 | 10/03/2026 | 1.00 | 10/03/2026 | Donated Book |